[Event "ICS rated blitz match"]
[Site "204.178.125.65"]
[Date "1999.08.27"]
[Round "?"]
[White "matar"]
[Black "Hossa"]
[Result "1/2-1/2"]
[WhiteElo "2184"]
[BlackElo "2407"]
[PlyCount "76"]
[EventDate "1999.??.??"]

1. e4 c5 2. Nf3 e6 3. d4 cxd4 4. Nxd4 Nf6 5. Nc3 d5 6. Bb5+ Bd7 7. e5 Ng8 8.
O-O Bb4 9. Qg4 Bxc3 10. bxc3 Kf8 11. Ba3+ Ne7 12. Bd6 Bxb5 13. Nxb5 Nd7 14. Nd4
Rc8 15. Rab1 b6 16. f4 Rxc3 17. f5 h5 18. Qh4 Rh6 19. fxe6 Nxe5 20. Bxe5 f6 21.
Nf5 Nxf5 22. Rxf5 Rxc2 23. Rbf1 Kg8 24. Bf4 Rh7 25. Be3 Qe8 26. Rxd5 Qxe6 27.
Rd8+ Kf7 28. Qd4 Re2 29. Bf4 Qxa2 30. Rd7+ Kg8 31. Rd8+ Kf7 32. Rd7+ Kg8 33.
Rd8+ Kf7 34. Rd7+ Kg8 35. Rd8+ Kf7 36. Rd7+ Kg8 37. Rd8+ Kf7 38. Rd7+ 38... Kg8
{Game drawn by repetition} 1/2-1/2

[Event "ICS rated blitz match"]
[Site "204.178.125.65"]
[Date "1999.10.09"]
[Round "?"]
[White "matar"]
[Black "Hossa"]
[Result "0-1"]
[WhiteElo "2207"]
[BlackElo "2458"]
[PlyCount "78"]
[EventDate "1999.??.??"]

1. e4 e5 2. Nf3 Nc6 3. Bb5 a6 4. Ba4 Nf6 5. Bxc6 dxc6 6. d3 Bd6 7. Nbd2 O-O 8.
b3 Bg4 9. Bb2 Nd7 10. h3 Be6 11. g4 a5 12. a4 b5 13. Nf1 Qf6 14. Ne3 Bb4+ 15.
Kf1 Bc5 16. Kg2 Rfd8 17. Qe2 Ra7 18. g5 Qe7 19. h4 Qd6 20. Nf5 Bxf5 21. exf5
Re8 22. Qe4 Raa8 23. Nd2 Red8 24. Qf3 Bb6 25. Ne4 Qe7 26. f6 Qe6 27. fxg7 Kxg7
28. h5 Kg8 29. Rh4 Qd5 30. Rg4 Kh8 31. Rh1 Rf8 32. Nf6 Nxf6 33. gxf6 bxa4 34.
Qxd5 cxd5 35. Rxa4 Rg8+ 36. Kf3 Rg5 37. Rg4 Rf5+ 38. Ke2 Rxf2+ 39. Ke1 39...
Rxc2 {matar resigns} 0-1

[Event "ICS rated blitz match"]
[Site "204.178.125.65"]
[Date "1999.10.09"]
[Round "?"]
[White "matar"]
[Black "Hossa"]
[Result "0-1"]
[WhiteElo "2221"]
[BlackElo "2444"]
[PlyCount "61"]
[EventDate "1999.??.??"]

1. e4 e5 2. Nf3 Nc6 3. Bb5 a6 4. Ba4 Nf6 5. O-O Be7 6. Re1 b5 7. Bb3 O-O 8. c3
d6 9. h3 Be6 10. d4 Bxb3 11. axb3 exd4 12. cxd4 d5 13. e5 Nd7 14. Nc3 Nb4 15.
Bf4 c5 16. dxc5 Nxc5 17. Nd4 Rc8 18. Re3 Ne6 19. Bh2 Nxd4 20. Qxd4 Nc2 21. Qd1
Nxa1 22. Qxa1 b4 23. Ne2 Qb6 24. Rd3 Rc5 25. Nd4 Rfc8 26. Rd1 Bh4 27. g3 Qg6
28. Qa4 Rc1 29. Rxc1 Rxc1+ 30. Kg2 Be7 31. Qxa6 {matar resigns} 0-1

[Event "ICS rated blitz match"]
[Site "204.178.125.65"]
[Date "1999.10.04"]
[Round "?"]
[White "matar"]
[Black "Hossa"]
[Result "1-0"]
[WhiteElo "2227"]
[BlackElo "2439"]
[PlyCount "66"]
[EventDate "1999.??.??"]

1. e4 c5 2. Nf3 e6 3. d4 cxd4 4. Nxd4 Nf6 5. Nc3 d6 6. g4 h6 7. Rg1 Be7 8. h4
Nh7 9. Be3 O-O 10. g5 hxg5 11. hxg5 Bxg5 12. Bxg5 Nxg5 13. Qh5 f6 14. Bc4 Qc7
15. Bb3 Nc6 16. Nxc6 Qxc6 17. O-O-O a5 18. a4 Qb6 19. Nd5 Qd8 20. f4 Nxe4 21.
Qg6 Rf7 22. Qxe4 Bd7 23. Qg6 Bxa4 24. Bxa4 exd5 25. Bb3 Qe7 26. Bxd5 Kf8 27.
Rde1 Re8 28. Rxe7 Rexe7 29. Rh1 Ke8 30. Rh8+ Kd7 31. Bxf7 Kc7 32. Bd5 Re1+ 33.
Kd2 33... Re7 {Hossa resigns} 1-0

[Event "ICS rated blitz match"]
[Site "204.178.125.65"]
[Date "1999.10.04"]
[Round "?"]
[White "matar"]
[Black "Hossa"]
[Result "1-0"]
[WhiteElo "2191"]
[BlackElo "2475"]
[PlyCount "60"]
[EventDate "1999.??.??"]

1. e4 c5 2. Nf3 e6 3. d4 cxd4 4. Nxd4 Nf6 5. Nc3 d6 6. g4 h6 7. Rg1 Be7 8. h4
Nh7 9. Be3 O-O 10. g5 hxg5 11. hxg5 Nc6 12. Nxc6 bxc6 13. Qh5 f5 14. g6 Nf6 15.
Qh2 Qe8 16. exf5 exf5 17. O-O-O d5 18. Bd4 Be6 19. Re1 Bd8 20. Bd3 Bc7 21. Qxc7
Qc8 22. Qh2 f4 23. Rh1 Bh3 24. Qxh3 Qxh3 25. Rxh3 Rfb8 26. Reh1 Kf8 27. Bc5+
Ke8 28. Bf5 Kd8 29. Bd6 Ne8 30. Rh8 30... Rb4 {Hossa resigns} 1-0

[Event "ICS rated blitz match"]
[Site "204.178.125.65"]
[Date "1999.09.20"]
[Round "?"]
[White "matar"]
[Black "Hossa"]
[Result "1/2-1/2"]
[WhiteElo "2176"]
[BlackElo "2448"]
[PlyCount "120"]
[EventDate "1999.??.??"]

1. e4 c5 2. Nf3 Nc6 3. Bb5 g6 4. c3 Bg7 5. d4 cxd4 6. cxd4 Nf6 7. Nc3 O-O 8. d5
a6 9. Be2 Na5 10. O-O b5 11. Bd2 b4 12. e5 Ng4 13. Ne4 Nxe5 14. Nxe5 Bxe5 15.
Bxb4 d6 16. Qd2 Nb7 17. Rac1 e6 18. Rfd1 Qh4 19. Ng3 exd5 20. Bf3 Bf4 21. Qd4
Bxg3 22. hxg3 Qxd4 23. Rxd4 Be6 24. Bxd5 Bxd5 25. Rxd5 Rfc8 26. Rcd1 Rc2 27.
Ba3 Rd8 28. f3 Rc6 29. Kf2 f5 30. R1d2 h5 31. b3 Kf7 32. g4 fxg4 33. fxg4 h4
34. g5 Ke7 35. Bb2 Ke6 36. Bf6 Rd7 37. R5d4 Rh7 38. Re2+ Kd7 39. Kf3 Kc7 40.
Kg4 Na5 41. Re7+ Rxe7 42. Bxe7 Kd7 43. Bf8 Nb7 44. Kxh4 Rc8 45. Bg7 Rc2 46. Rf4
Rxa2 47. Rf6 Rxg2 48. Rxg6 Re2 49. Bf8 Rb2 50. Rf6 Rxb3 51. g6 Rb1 52. g7 Rg1
53. Rf4 Ke6 54. Kh5 a5 55. Kh6 Nc5 56. Kh7 Rh1+ 57. Kg6 Rg1+ 58. Kh7 Rh1+ 59.
Kg6 Rg1+ 60. Kh7 60... Rh1+ {Game drawn by repetition} 1/2-1/2

[Event "ICS rated blitz match"]
[Site "204.178.125.65"]
[Date "1999.09.23"]
[Round "?"]
[White "matar"]
[Black "Hossa"]
[Result "0-1"]
[WhiteElo "2138"]
[BlackElo "2399"]
[PlyCount "56"]
[EventDate "1999.??.??"]

1. e4 c6 2. d4 d5 3. exd5 cxd5 4. c4 Nf6 5. Nc3 Nc6 6. Bg5 dxc4 7. d5 Ne5 8.
Nf3 Bg4 9. Qd4 Nxf3+ 10. gxf3 Bxf3 11. Bxc4 Bxh1 12. Bxf6 Qb6 13. Bb5+ Kd8 14.
Qxb6+ axb6 15. Bd4 Bf3 16. Bxb6+ Kc8 17. Kd2 g5 18. Ke3 g4 19. a4 h5 20. a5
Bh6+ 21. Kd3 Bf4 22. Ra4 Bxh2 23. Rc4+ Kb8 24. Ne4 Bg2 25. Ke3 Bf1 26. Rc5 Bxb5
27. Rxb5 Bd6 28. Nxd6 28... exd6 {matar resigns} 0-1

[Event "ICS rated blitz match"]
[Site "204.178.125.65"]
[Date "1999.09.20"]
[Round "?"]
[White "matar"]
[Black "Hossa"]
[Result "0-1"]
[WhiteElo "2152"]
[BlackElo "2472"]
[PlyCount "98"]
[EventDate "1999.??.??"]

1. e4 e5 2. Nf3 Nc6 3. Bb5 a6 4. Ba4 Nf6 5. Bxc6 dxc6 6. d3 Nd7 7. Nbd2 Bd6 8.
b3 O-O 9. Bb2 f5 10. exf5 Rxf5 11. Qe2 a5 12. a4 b5 13. Ne4 Bb4+ 14. Nfd2 Nc5
15. Nxc5 Bxc5 16. O-O Bd4 17. Bxd4 exd4 18. Rfe1 Bd7 19. Nf3 Rd5 20. Qe7 Bg4
21. Qxd8+ Rdxd8 22. Ne5 Bd7 23. Re4 Be8 24. Rae1 bxa4 25. bxa4 c5 26. Ra1 Rdb8
27. Nc4 Bxa4 28. f3 Bxc2 29. Re5 Bxd3 30. Rxc5 Bxc4 31. Rxc4 Ra7 32. Rxd4 c5
33. Rc4 Rb5 34. Rac1 Rc7 35. Kf2 Kf7 36. Re4 Kf6 37. h4 h6 38. g4 Rcb7 39. Kg3
R7b6 40. h5 Rc6 41. Kh4 Kf7 42. Kg3 Re6 43. Rec4 Re5 44. Kf4 Rd5 45. Ke4 Ke6
46. f4 Rb4 47. f5+ Kd6 48. Ke3 a4 49. R1c3 49... a3 {matar resigns} 0-1

[Event "ICS rated blitz match"]
[Site "204.178.125.65"]
[Date "1999.09.23"]
[Round "?"]
[White "matar"]
[Black "Hossa"]
[Result "0-1"]
[WhiteElo "2126"]
[BlackElo "2411"]
[PlyCount "104"]
[EventDate "1999.??.??"]

1. e4 c6 2. d4 d5 3. exd5 cxd5 4. c4 Nf6 5. Nc3 Nc6 6. Bg5 dxc4 7. d5 Ne5 8.
Qd4 Nfd7 9. Bxc4 Nxc4 10. Qxc4 a6 11. Nf3 b5 12. Qc6 Ra7 13. Ne4 Bb7 14. Nd6+
exd6 15. Bxd8 Bxc6 16. dxc6 Kxd8 17. cxd7 Be7 18. O-O-O Rc7+ 19. Kb1 Kxd7 20.
Nd4 Rhc8 21. Rd2 Bf6 22. Nf5 Be5 23. Rhd1 Rc6 24. g3 g6 25. Nh6 Rf8 26. Ng4 Bg7
27. Ne3 Rfc8 28. f4 f5 29. h4 h5 30. Nd5 a5 31. a3 Re8 32. Ka2 Re6 33. Kb3 Re4
34. Ka2 Ke8 35. Kb3 Kf7 36. Ka2 Re6 37. Kb3 Rc4 38. Ka2 Kg8 39. Kb3 Kh7 40. Ka2
Rc6 41. Kb3 Re4 42. Ka2 Kh6 43. Kb3 a4+ 44. Ka2 Rcc4 45. Nb4 Bd4 46. Rd3 Bc5
47. Nd5 Red4 48. Nf6 b4 49. axb4 Rxd3 50. Rxd3 Rxb4 51. Nd5 Rd4 52. Ra3 52...
Bxa3 {matar resigns} 0-1

[Event "ICS rated blitz match"]
[Site "204.178.125.65"]
[Date "1999.09.23"]
[Round "?"]
[White "matar"]
[Black "Hossa"]
[Result "0-1"]
[WhiteElo "2156"]
[BlackElo "2381"]
[PlyCount "58"]
[EventDate "1999.??.??"]

1. e4 c6 2. d4 d5 3. exd5 cxd5 4. c4 Nf6 5. Nc3 Nc6 6. Bg5 dxc4 7. d5 Ne5 8.
Qd4 Nfd7 9. Nf3 Nxf3+ 10. gxf3 f6 11. Bd2 Ne5 12. O-O-O Kf7 13. f4 Nd3+ 14. Kb1
Bf5 15. Ka1 Nb4 16. Rc1 Nc2+ 17. Rxc2 Bxc2 18. Bxc4 Rc8 19. Re1 Bf5 20. d6+ e6
21. Ne4 Rc6 22. Bb4 a5 23. Ba3 Kg6 24. Ng3 Bxd6 25. Nxf5 exf5 26. Rg1+ Kh6 27.
Qe3 g6 28. Bf7 Bxa3 29. bxa3 29... Qc7 {matar resigns} 0-1

[Event "ICS rated blitz match"]
[Site "204.178.125.65"]
[Date "1999.09.23"]
[Round "?"]
[White "matar"]
[Black "Hossa"]
[Result "0-1"]
[WhiteElo "2171"]
[BlackElo "2366"]
[PlyCount "52"]
[EventDate "1999.??.??"]

1. e4 c6 2. d4 d5 3. exd5 cxd5 4. c4 Nf6 5. Nc3 Nc6 6. Nf3 Bg4 7. cxd5 Nxd5 8.
Qb3 Bxf3 9. gxf3 e6 10. Qxb7 Nxd4 11. Bb5+ Nxb5 12. Qc6+ Ke7 13. Qxb5 Kf6 14.
O-O a6 15. Qe2 Bb4 16. Nxd5+ Qxd5 17. Rd1 Qh5 18. Qe4 Ba5 19. Be3 Rhc8 20. Rd7
Qg6+ 21. Kf1 Qxe4 22. fxe4 Rc2 23. Kg2 Rd8 24. Ra7 Rd6 25. Kg3 Bd2 26. Rd1
26... Bxe3 {matar resigns} 0-1

[Event "ICS rated blitz match"]
[Site "204.178.125.65"]
[Date "1999.09.23"]
[Round "?"]
[White "matar"]
[Black "Hossa"]
[Result "0-1"]
[WhiteElo "2133"]
[BlackElo "2404"]
[PlyCount "34"]
[EventDate "1999.??.??"]

1. e4 c6 2. d4 d5 3. exd5 cxd5 4. c4 Nf6 5. Nc3 Nc6 6. Bg5 dxc4 7. d5 Ne5 8.
Nf3 Bg4 9. Qd4 Nxf3+ 10. gxf3 Bxf3 11. Bxc4 Bxh1 12. Bxf6 a6 13. Bxg7 Rg8 14.
Bxf8 Kxf8 15. O-O-O Bg2 16. Qe3 Rc8 17. Bb3 17... Qd6 {matar resigns} 0-1

[Event "ICS rated blitz match"]
[Site "204.178.125.65"]
[Date "1999.09.23"]
[Round "?"]
[White "matar"]
[Black "Hossa"]
[Result "0-1"]
[WhiteElo "2145"]
[BlackElo "2392"]
[PlyCount "30"]
[EventDate "1999.??.??"]

1. e4 c6 2. d4 d5 3. exd5 cxd5 4. c4 Nf6 5. Nc3 Nc6 6. Bg5 dxc4 7. d5 Ne5 8.
Nf3 Bg4 9. Qd4 Nxf3+ 10. gxf3 Bxf3 11. Bxc4 Bxh1 12. Bb5+ Nd7 13. O-O-O f6 14.
d6 Bc6 15. Bxc6 15... bxc6 {matar resigns} 0-1

[Event "ICS rated blitz match"]
[Site "204.178.125.65"]
[Date "1999.09.19"]
[Round "?"]
[White "matar"]
[Black "Hossa"]
[Result "0-1"]
[WhiteElo "2162"]
[BlackElo "2462"]
[PlyCount "118"]
[EventDate "1999.??.??"]

1. e4 e5 2. Nf3 Nc6 3. Bb5 a6 4. Ba4 Nf6 5. Bxc6 dxc6 6. d3 Nd7 7. Nbd2 Bd6 8.
b3 O-O 9. Bb2 f5 10. exf5 Rxf5 11. Qe2 a5 12. a4 b5 13. Ne4 Bb4+ 14. Nfd2 Nc5
15. Nxc5 Bxc5 16. O-O Bd4 17. Bxd4 exd4 18. Ne4 b4 19. Rae1 Bb7 20. Qg4 Qd5 21.
Ng3 Rf7 22. Qe6 Qc5 23. Re2 Raf8 24. Rfe1 Bc8 25. Qc4 Qxc4 26. bxc4 c5 27. f3
Bd7 28. Re5 Bxa4 29. R1e2 b3 30. cxb3 Bxb3 31. Rxc5 a4 32. Ra5 Rd7 33. Ne4 Rdd8
34. Nc5 Ra8 35. Rxa8 Rxa8 36. Kf2 Bd1 37. Ra2 Ra5 38. Ne4 Rh5 39. h3 Bb3 40.
Ra3 Rf5 41. Ke2 Re5 42. Kd2 h5 43. Kc1 Kf7 44. Kd2 h4 45. Ra1 Ke7 46. Nf2 c5
47. Ne4 g5 48. Nf2 Kd6 49. Ng4 Re6 50. Nf2 Kc7 51. Ne4 Re5 52. Nf2 Kb6 53. Ng4
Re6 54. Nf2 Re7 55. Ne4 Re5 56. Kc1 Ka5 57. Kb2 Kb4 58. Ra3 Bc2 59. Nf2 59...
Re2 {matar resigns} 0-1

[Event "ICS rated blitz match"]
[Site "204.178.125.65"]
[Date "1999.10.09"]
[Round "?"]
[White "matar"]
[Black "Hossa"]
[Result "1-0"]
[WhiteElo "2195"]
[BlackElo "2470"]
[PlyCount "100"]
[EventDate "1999.??.??"]

1. e4 e5 2. Nf3 Nc6 3. Bb5 a6 4. Ba4 Nf6 5. Bxc6 dxc6 6. d3 Bd6 7. Nbd2 O-O 8.
b3 Bg4 9. Bb2 Nd7 10. h3 Be6 11. g4 a5 12. a4 b5 13. Nf1 Qf6 14. Ne3 Bb4+ 15.
Kf1 Bc5 16. Kg2 Rfd8 17. Qe2 Ra7 18. g5 Qe7 19. h4 Qd6 20. Nf5 Bxf5 21. exf5
Re8 22. Nd2 b4 23. Ne4 Qd5 24. Qf3 Bd4 25. Bxd4 exd4 26. Rae1 Ne5 27. Qg3 Kf8
28. f4 Nd7 29. Qf3 Qxf5 30. h5 Re6 31. Ng3 Qc5 32. f5 Qxc2+ 33. Kh3 Rxe1 34.
Rxe1 Qc3 35. Qe4 Kg8 36. h6 Ra8 37. Nh5 gxh6 38. gxh6 Qxe1 39. Qxe1 Kf8 40. Qg3
Ra7 41. Qg7+ Ke8 42. Qxh7 Rb7 43. Qg8+ Ke7 44. h7 Rb8 45. Qxb8 Nxb8 46. h8=Q
Nd7 47. Qc8 f6 48. Qxc7 Ke8 49. Qxc6 Ke7 50. Qe6+ 50... Kd8 {Hossa resigns} 1-0

[Event "ICS rated blitz match"]
[Site "204.178.125.65"]
[Date "1999.10.10"]
[Round "?"]
[White "matar"]
[Black "Hossa"]
[Result "0-1"]
[WhiteElo "2191"]
[BlackElo "2409"]
[PlyCount "90"]
[EventDate "1999.??.??"]

1. e4 c5 2. Nf3 Nc6 3. Bb5 g6 4. c3 Qb6 5. Na3 Bg7 6. d4 cxd4 7. cxd4 Nxd4 8.
Nxd4 Qxd4 9. Qe2 Qb4+ 10. Bd2 Qxb2 11. O-O Qxa3 12. Rac1 Qxa2 13. Rc4 Bh6 14.
Rfc1 Kd8 15. R4c2 Qb3 16. Bxh6 Nxh6 17. Rc3 Qb4 18. Rc4 Qxb5 19. Rxc8+ Rxc8 20.
Rxc8+ Kxc8 21. Qxb5 Re8 22. Qg5 Ng8 23. Qc5+ Kb8 24. Qd5 Rc8 25. h3 f6 26. Qxd7
g5 27. g4 h6 28. Kg2 Rf8 29. Kf3 Ka8 30. Ke3 e5 31. Kd3 Rb8 32. Kc4 a6 33. Kc5
Ka7 34. Kd6 Ra8 35. Ke6 Rf8 36. Qc7 Rb8 37. Kf7 Ka8 38. Qb6 Rc8 39. f3 Rb8 40.
Kg7 Re8 41. Kf7 Rc8 42. Ke6 Rc6+ 43. Qxc6 bxc6 44. Kf7 c5 45. Kxg8 45... c4 {
matar resigns} 0-1

[Event "ICS rated blitz match"]
[Site "204.178.125.65"]
[Date "1999.09.15"]
[Round "?"]
[White "matar"]
[Black "Hossa"]
[Result "0-1"]
[WhiteElo "2173"]
[BlackElo "2404"]
[PlyCount "46"]
[EventDate "1999.??.??"]

1. e4 e5 2. Nf3 Nc6 3. Bb5 a6 4. Ba4 Nf6 5. Bxc6 dxc6 6. d3 Nd7 7. b3 Bd6 8.
Bb2 O-O 9. Nbd2 f5 10. exf5 Rxf5 11. Qe2 a5 12. h4 a4 13. Ng5 axb3 14. axb3
Rxa1+ 15. Bxa1 Nf6 16. Nde4 Rf4 17. g3 Rg4 18. Rg1 Nxe4 19. dxe4 Rxg5 20. hxg5
Qxg5 21. Bb2 Bb4+ 22. Kd1 Bg4 23. f3 23... Bxf3 {matar resigns} 0-1

[Event "ICS rated blitz match"]
[Site "204.178.125.65"]
[Date "1999.09.18"]
[Round "?"]
[White "matar"]
[Black "Hossa"]
[Result "0-1"]
[WhiteElo "2144"]
[BlackElo "2501"]
[Annotator "Fritz 5.32 (15s)"]
[PlyCount "60"]
[EventDate "1999.??.??"]

1. e4 1... e5 {Opening = C77 - 4.Ba4 Nf6 5.---} 2. Nf3 Nc6 3. Bb5 a6 4. Ba4 Nf6
5. Bxc6 dxc6 6. d3 Nd7 7. Nbd2 Bd6 8. b3 (8. Nc4 O-O 9. Bd2 Re8 10. Qe2 Nf8 11.
Bc3 Ng6 12. g3 b5 13. Ne3 c5 14. h4 Nf8 15. h5 Ne6 16. Nf5 Nd4 17. Bxd4 cxd4
18. g4 Bb4+ 19. Kf1 Bf8 20. Qd2 c5 21. N3h4 c4 22. Rh2 h6 23. Nf3 f6 24. N3h4
Qc7 25. Ng6 Be6 26. f4 Rac8 27. fxe5 fxe5 28. Rf2 c3 29. bxc3 Qxc3 30. Qd1 Bxf5
31. gxf5 Be7 32. Rb1 Bf6 33. Rb3 Qa5 34. Qb1 Rc3 35. Kg2 Rec8 36. Rb4 Ra3 37.
Kf3 Rcc3 38. Rb2 Qc7 39. Rb3 Qc5 40. Qb2 Kf7 41. Nh8+ Ke7 42. Qb1 42... Kd6 {
Braylovsky,G-Ariel,D/New York 1998/EXT 99/1-0 (66)}) 8... O-O 9. Bb2 9... f5
$146 (9... b5 10. O-O c5 11. g3 f6 12. Nh4 Nb6 13. Nf5 Be6 14. Nxd6 Qxd6 15.
Qe2 a5 16. f4 c4 17. dxc4 bxc4 18. Qe3 Rad8 19. Rf2 exf4 20. gxf4 Rfe8 21. e5
fxe5 22. Bxe5 Qc6 23. Qg3 g6 24. Bb2 c3 25. Qxc3 Qxc3 26. Bxc3 a4 27. Be5 Rc8
28. Ne4 Nd7 29. Rd1 Re7 30. Rfd2 Nxe5 31. fxe5 Bf5 32. Re1 Kg7 33. Nc5 axb3 34.
cxb3 Rce8 35. Rde2 Rd8 36. b4 Rd4 37. a3 h5 38. Re3 h4 39. R1e2 g5 40. Kf2 Kg6
41. Rb2 Rf7 42. Ke1 Bg4 43. Nd3 Rf3 44. Rxf3 {
Ivanov,A-Shirov,A/Gausdal 1991/TD/0-1 (60)}) 10. exf5 Rxf5 11. Qe2 {
Der Isolani e5 wird belagert} 11... a5 12. a4 b5 13. Ne4 Bb4+ 14. Nfd2 Nc5 15.
O-O Ne6 16. Ng3 Nf4 17. Qd1 $14 (17. Qe4 Rf8 18. Qxe5 18... Qd7 $16) 17... Qd5
{Mit der Mattdrohung Qxg2} 18. f3 Rf7 19. Nde4 Bb7 20. Nf2 Rd8 21. c3 $11 (21.
Qc1 $5 $14 {kommt in Betracht}) 21... Bc5 22. c4 $17 (22. d4 $5 {
muss beachtet werden} 22... exd4 23. cxd4 $11) 22... Qe6 23. axb5 $2 $19 (23.
Qc2 $5 $17 $142) 23... cxb5 $17 (23... Rxd3 $1 24. Qe1 Rxf3 25. Rd1 $19 (25.
gxf3 $4 25... Qh3 26. Qxe5 Qg2#)) 24. d4 (24. Rxa5 $2 {ist falsch} 24... Bxf3
$1 {huebsch} 25. Qxf3 Nh3+ 26. Kh1 Rxf3 (26... Nxf2+ 27. Rxf2 Bxf2 28. Qh5 Bxg3
29. hxg3 $19) (26... Bxf2 $6 {ist sichtlich schlechter} 27. Nf5 $15) 27. Nxh3
Rxf1+ (27... Rfxd3 $6 28. Rxb5 Bd6 29. Ng5 $19) 28. Nxf1 28... Qg4 $19 (28...
Rxd3 $6 {ist naheliegend und schlecht} 29. Ra8+ Bf8 30. Ba3 $19)) (24. cxb5
Bxf3 25. Qxf3 Nh3+ 26. Kh1 Rxf3 (26... Bxf2 27. Qh5 Bxg3 28. Rxf7 Qxf7 29.
Qxf7+ Kxf7 30. gxh3 $17) (26... Nxf2+ $6 27. Rxf2 Bxf2 28. Qc6 Qxb3 29. Bxe5
$19) 27. Nxh3 Rxf1+ 28. Rxf1 28... Rxd3 $19) 24... bxc4 25. Rxa5 Bxd4 26. Bxd4
exd4 27. bxc4 27... Qxc4 $17 (27... Nxg2 28. Kxg2 Bxf3+ 29. Qxf3 Rxf3 30. Kxf3
Qxc4 31. Rfa1 $17) 28. Re1 $4 $19 {und es geht weiter bergab} (28. Qd2 $17 $142
) 28... Nxg2 $1 {weise Rueckgabe des Materials} 29. Kxg2 (29. Ree5 {
der letzte Widerstandsversuch} 29... Nh4 $1 {Boing!} 30. Rec5 $19) 29... Bxf3+
30. Qxf3 Rxf3 (30... Rxf3 31. Rae5 31... Rdf8 $19) 0-1

[Event "ICS rated blitz match"]
[Site "204.178.125.65"]
[Date "1999.09.18"]
[Round "?"]
[White "matar"]
[Black "Hossa"]
[Result "0-1"]
[WhiteElo "2160"]
[BlackElo "2485"]
[Annotator "Fritz 5.32 (20s)"]
[PlyCount "68"]
[EventDate "1999.??.??"]

1. d4 1... Nf6 {Opening = 4.Nbd2} 2. c4 e6 3. Nf3 Bb4+ 4. Nbd2 d5 5. a3 (5. Qc2
O-O 6. e3 (6. a3 Bxd2+ 7. Bxd2 Ne4 8. Rc1 Nc6 9. e3 Re8 10. Bd3 Nxd2 11. Qxd2
dxc4 12. Rxc4 e5 13. dxe5 Be6 14. Rc3 Bd5 15. Bb5 Bxf3 16. Qxd8 Rexd8 17. gxf3
Nxe5 18. f4 c6 19. fxe5 cxb5 20. Rc5 20... Rac8 {
Banikas,H-Muningis,P/Zagan 1995/EXT 97/ - (38)}) 6... c5 7. dxc5 Bxc5 8. cxd5
Qxd5 9. a3 Be7 10. b4 Bd7 11. Bb2 Rc8 12. Bc4 Qh5 13. Qb3 Nc6 14. Rd1 a5 15. b5
a4 16. Qd3 Na5 17. g4 Qg6 18. Ne5 Qxd3 19. Bxd3 Be8 20. Ke2 Nb3 21. Nxb3 axb3
22. Rc1 Rd8 23. Rc3 Bxa3 24. Rxb3 24... Bxb2 {
- Bogdanovski,V-Rashkovsky,N/Skopje 1991/EXT 97 (24)}) 5... Bd6 6. c5 $146 {
Raumvorteil} (6. Qc2 O-O 7. c5 Be7 8. b4 Bd7 9. e3 a6 10. a4 Nc6 11. Rb1 a5 12.
b5 Nb4 13. Qb3 Ne4 14. Ba3 b6 15. Bxb4 axb4 16. c6 Nxd2 17. Nxd2 Be8 18. Bd3
Bd6 19. Qc2 f5 20. g3 20... Qf6 {Kiss,P-Eperjesi,L/HUN-chT 1992/TD/1-0 (46)}) (
6. e3 O-O 7. Bd3 b6 8. e4 dxe4 9. Nxe4 Nbd7 10. O-O Bb7 11. Bg5 h6 12. Bh4 Be7
13. Qc2 Nxe4 14. Bxe7 Qxe7 15. Bxe4 Bxe4 16. Qxe4 Nf6 17. Qe5 Qd6 18. Rfd1 Rfd8
19. Rac1 Nd7 20. Qe2 20... Qf4 {Izsak,G-Eperjesi,L/Budapest 1994/EXT 97/ - (51)
}) 6... Be7 7. e3 b6 8. b4 O-O 9. Bd3 bxc5 10. bxc5 Ba6 11. Bb1 Nbd7 12. c6 Nb6
13. Ne5 Rb8 14. g4 Bd6 15. Qf3 $15 (15. h3 15... h6 $11) 15... Qe8 {
Nun geraet Weiss unter starken Druck.} 16. g5 Bxe5 17. dxe5 Qxc6 18. Bb2 $19 (
18. gxf6 $5 18... Qxc1+ 19. Qd1 Qxd1+ 20. Kxd1 gxf6 21. exf6 $19) 18... Nc4 19.
gxf6 $2 (19. Bd4 Nxd2 20. Kxd2 Ne4+ 21. Bxe4 dxe4 22. Qd1 $19) 19... Nxb2 {
Droht Matt: Qc1} (19... Rxb2 20. Bxh7+ $1 {triumphiert} 20... Kxh7 21. Qh5+ Kg8
22. Rg1 Rb1+ 23. Rxb1 g6 24. Qh6 Nxd2 25. Qg7#) 20. Bxh7+ Kxh7 21. Qh5+ Kg8 22.
Qg5 {Mit der Mattdrohung Qxg7} 22... Nd3+ 23. Kf1 23... g6 $15 (23... Nxe5+
$142 {entschiede die Partie sofort} 24. Kg2 d4+ 25. f3 Ng6 26. fxg7 Kxg7 27.
exd4 27... Rb2 $19) 24. Qh6 {Droht Matt: Qg7} 24... Nf4+ (24... Nxe5+ $4 {
das Schlagen des Bauern ist schlecht} 25. Kg2 d4+ 26. Kg3 Qg2+ 27. Kxg2 Bb7+
28. Kg3 Bxh1 29. Qg7#) 25. Kg1 (25. Ke1 Nh5 26. Rg1 Bd3 27. Qxh5 27... Qc3 $18)
25... Nh5 {Droht entscheidend Qc2} 26. Nf3 {Mit der Mattdrohung Ng5} 26... Qc4
27. h3 Qc3 28. Rd1 $4 $19 {danach kann Weiss alle Traeume begraben} (28. Ng5
Nxf6 29. exf6 Qxa1+ 30. Kg2 Bf1+ 31. Rxf1 Qxf1+ 32. Kxf1 Rb1+ 33. Kg2 Rg1+ 34.
Kxg1 c5 35. Qg7#) 28... Qc2 $4 $18 {wirft den sicheren Gewinn weg} (28... Nxf6
$142 {und aller Vorteil laege nun bei Schwarz} 29. exf6 29... Qxf6 $19) 29. Rd2
$19 (29. Ng5 Qxd1+ 30. Kg2 Qxh1+ 31. Kxh1 Rb1+ 32. Kg2 Rg1+ 33. Kxg1 Nxf6 34.
exf6 c5 35. Qg7#) 29... Qe4 30. Kg2 c5 31. Rhd1 (31. Rg1 Rfd8 32. Kh2 Qxf3 33.
Rxg6+ fxg6 34. Qxg6+ Kf8 35. Qh6+ Ke8 36. Qg6+ Kd7 37. Qf7+ Kc6 38. Qxe6+ 38...
Kb7 $19) 31... d4 32. Rxd4 (32. Rg1 Bb7 33. Kh2 dxe3 34. fxe3 $15) 32... cxd4
33. Rxd4 (33. Qg5 {koennte noch eine geringe Chance darstellen} 33... Be2 34.
Qg4 Qxg4+ 35. hxg4 Bxd1 36. Nxd4 Bxg4 37. Nc6 $19) 33... Bf1+ $1 {
ein boeses Schach} 34. Kxf1 Qxf3 (34... Qxf3 35. Qxg6+ fxg6 36. f7+ Kh8 37. Kg1
Rb1+ 38. Rd1 Rxd1+ 39. Kh2 Qxf2#) 0-1

[Event "ICS rated blitz match"]
[Site "204.178.125.65"]
[Date "1999.09.19"]
[Round "?"]
[White "matar"]
[Black "Hossa"]
[Result "1-0"]
[WhiteElo "2139"]
[BlackElo "2485"]
[PlyCount "75"]
[EventDate "1999.??.??"]

1. e4 c6 2. Nf3 d5 3. Nc3 Bg4 4. h3 Bxf3 5. Qxf3 e6 6. d4 dxe4 7. Qe3 Bb4 8.
Bd2 Bxc3 9. bxc3 Nf6 10. g4 O-O 11. g5 Ne8 12. Qxe4 Nd6 13. Qf3 e5 14. Be2 Re8
15. O-O exd4 16. cxd4 Ne4 17. Be3 Nxg5 18. Bxg5 Qxg5+ 19. Kh2 Qd2 20. Bd3 Qa5
21. Rab1 b6 22. Rg1 Qxa2 23. c4 g6 24. h4 Rd8 25. Qe3 Nd7 26. h5 Re8 27. Qf4 a6
28. hxg6 fxg6 29. Bxg6 Re7 30. Bxh7+ Kh8 31. Bd3 Rh7+ 32. Bxh7 Qe2 33. Bg6 Qe5
34. dxe5 Nf8 35. Qh6+ Kg8 36. Bh5+ Ng6 37. Qxg6+ Kh8 38. Qg7# {Hossa checkmated
} 1-0

[Event "ICS rated blitz match"]
[Site "204.178.125.65"]
[Date "1999.10.10"]
[Round "?"]
[White "matar"]
[Black "Hossa"]
[Result "0-1"]
[WhiteElo "2177"]
[BlackElo "2423"]
[PlyCount "62"]
[EventDate "1999.??.??"]

1. e4 c5 2. Nf3 Nc6 3. Bb5 g6 4. c3 Qb6 5. Qe2 Bg7 6. d4 cxd4 7. cxd4 Nxd4 8.
Nxd4 Bxd4 9. O-O Nf6 10. Nc3 Be5 11. Be3 Qc7 12. Rac1 Qd6 13. Rfd1 Qb8 14. g3
Bc7 15. f4 a6 16. e5 Nh5 17. Nd5 Bd8 18. Bd3 b5 19. Be4 Bb7 20. Qf3 Bc6 21. g4
Ng7 22. Nf6+ exf6 23. exf6 O-O 24. fxg7 Kxg7 25. Bxc6 dxc6 26. Rd7 Re8 27. Bd4+
Kg8 28. Qc3 Qxf4 29. Rf1 Qxg4+ 30. Kh1 Qxd7 31. Bh8 31... Qd5+ {matar resigns}
0-1

[Event "ICS rated blitz match"]
[Site "204.178.125.65"]
[Date "1999.10.10"]
[Round "?"]
[White "matar"]
[Black "Hossa"]
[Result "0-1"]
[WhiteElo "2154"]
[BlackElo "2446"]
[PlyCount "34"]
[EventDate "1999.??.??"]

1. e4 c5 2. Nf3 Nc6 3. Bb5 g6 4. c3 Qb6 5. Qe2 Bg7 6. d4 cxd4 7. cxd4 Nxd4 8.
Nxd4 Bxd4 9. O-O Nf6 10. Nc3 Qc7 11. Rd1 Be5 12. g3 a6 13. f4 Bxc3 14. bxc3
axb5 15. e5 Nh5 16. g4 Qxc3 17. Bb2 17... Nxf4 {matar resigns} 0-1